000 00358nam a22001217a 4500
008 240220b |||||||| |||| 00| 0 eng d
082 _a425 ROY
100 _aRoyal Thimphu College
245 _aLAN101:Grammar and vocabulary in context.
260 _aThimphu;
_bRoyal Thimphu College,
_cprinted on spring 2024.
300 _a185 p:
_bill;
_c29.5 cm
942 _2ddc
999 _c9774
_d9775